000 00562nam a2200145Ia 4500
008 100122s9999 xx 000 0 und d
082 _b30875
_a823.08
100 _aकोलारकर राम
245 _aसर्वोत्कृष्ट मराठी कथा खंड 12
260 _bछाया कोलारकर
_c1980
300 _a179
630 _aसर्वोत्कृष्ट मराठी कथा खंड 12
730 _aसर्वोत्कृष्ट मराठी कथा खंड 12
942 _cBOOK
999 _c415652
_d415649